Las esferas de la justicia: una defensa del pluralismo y la igualdad /
Se analiza la posibilidad de concebir una sociedad igualitaria a partir de la presentación de ejemplos contemporáneos e históricos de nuestras sociedades. Además, se discute sobre el pluralismo e igualdad en la modernidad y el sentido de la justicia dentro de los diversos grupos sociales. Se entiend...
Guardat en:
| Autor principal: | |
|---|---|
| Format: | Llibre |
| Idioma: | Spanish |
| Publicat: |
México:
Fondo de Cultura Económica,
2001
|
| Edició: | segunda edición |
| Matèries: | |
| Etiquetes: |
Afegir etiqueta
Sense etiquetes, Sigues el primer a etiquetar aquest registre!
|
MARC
| LEADER | 00000nam a22000007a 4500 | ||
|---|---|---|---|
| 003 | cru CIDCACS/IIS | ||
| 005 | 20170912162125.0 | ||
| 007 | ta | ||
| 008 | 170518t2001 mx ||||| |||| 00| 0 spa d | ||
| 999 | |c 19336 |d 19336 | ||
| 020 | |a 9681663942 | ||
| 040 | |c cru CIDCACS/IIS | ||
| 090 | |a 05.03.05 W242e | ||
| 100 | 1 | |9 4794 |a Walzer, Michael | |
| 245 | 1 | 4 | |a Las esferas de la justicia: |b una defensa del pluralismo y la igualdad / |c Michael Walzer |
| 250 | |a segunda edición | ||
| 260 | |a México: |b Fondo de Cultura Económica, |c 2001 | ||
| 300 | |a 332 páginas | ||
| 520 | |a Se analiza la posibilidad de concebir una sociedad igualitaria a partir de la presentación de ejemplos contemporáneos e históricos de nuestras sociedades. Además, se discute sobre el pluralismo e igualdad en la modernidad y el sentido de la justicia dentro de los diversos grupos sociales. Se entiende el igualitarismo político como el principio para alcanzar una sociedad libre de dominación. Se abordan con profundidad los conceptos de pertenencia, seguridad, bienestar, dinero, educación, tiempo libre y poder político. El texto se organiza en los siguientes apartados: La igualdad compleja, La pertenencia, Seguridad y bienestar, Dinero y mercancía, El cargo, Trabajo duro, Tiempo libre, La educación, Parentesco y amor, La gracia divina, El reconocimiento, El poder político y por último Tiranías y sociedades justas. | ||
| 650 | 1 | 0 | |9 85 |a CIENCIA POLITICA |
| 650 | 1 | 0 | |9 3852 |a PLURALISMO |
| 650 | 1 | 0 | |9 2130 |a JUSTICIA SOCIAL |
| 650 | 0 | |9 4603 |a FILOSOFIA POLITICA | |
| 650 | 1 | 0 | |9 80 |a IGUALDAD |
| 942 | |2 ddc |c LI | ||



